Multiple Choice City Quiz – Redditch - Statistics

General Stats
  • This quiz has been taken 99 times
  • The average score is 5 of 10
Answer Stats
Question Answer % Correct
How does Redditch get its name? Red clay deposits
74%
Redditch is considered a "dormitory town" of which city? Birmingham
71%
Which bird shares its name with Redditch's shopping centre? Kingfisher
66%
Redditch is home to England's only... Cloverleaf junction
55%
Redditch was part of the second wave of which type of settlement? New town
46%
Which of these companies is headquartered in Redditch? Halfords
45%
Which member of One Direction was born in Redditch? Harry Styles
44%
Which industry is Redditch most famous for? Needles
38%
Which member of Led Zeppelin was born in Redditch? John Bonham
25%
Which of these statements about Redditch is NOT true? Redditch is home to England's first open-air museum
21%
No matching quizzes found
Score Distribution
Percent of People with Each Score
Percentile by Number Answered
Your Score History
You have not taken this quiz